[Event "DEM U12w 2024"]
[Site "Willingen GER"]
[Date "2024.05.24"]
[Round "8"]
[White "Briese, Sophie"]
[Black "Birkenheier, Larissa"]
[Result "1-0"]
[Termination "normal"]
[Board "19"]
[WhiteElo "1475"]
[BlackElo "1501"]
[WhiteClock "00:30:20"]
[BlackClock "00:05:28"]
[PlyCount "115"]
[WhiteFideId "34660305"]
[BlackFideId "34626379"]
[EventCountry "GER"]
[EventRounds "9"]
[EventType "swiss"]
[EventDate "2024.05.18"]

1. e4 {[%clk 01:30:57]} {[%emt 00:00:02]} e5 {[%clk 01:30:40]} {[%emt
00:00:21]} 2. Nf3 {[%clk 01:31:19]} {[%emt 00:00:07]} Nc6 {[%clk 01:30:37]}
{[%emt 00:00:34]} 3. Bc4 {[%clk 01:31:24]} {[%emt 00:00:24]} Bc5 {[%clk
01:30:00]} {[%emt 00:01:08]} 4. c3 {[%clk 01:31:40]} {[%emt 00:00:14]} Nf6
{[%clk 01:29:32]} {[%emt 00:00:58]} 5. d4 {[%clk 01:31:18]} {[%emt 00:00:51]}
exd4 {[%clk 01:28:50]} {[%emt 00:01:13]} 6. e5 {[%clk 01:31:24]} {[%emt
00:00:24]} d5 {[%clk 01:27:54]} {[%emt 00:01:25]} 7. Bb5 {[%clk 01:31:42]}
{[%emt 00:00:12]} Nd7 {[%clk 01:25:51]} {[%emt 00:02:33]} 8. cxd4 {[%clk
01:30:38]} {[%emt 00:01:35]} Bb6 {[%clk 01:16:54]} {[%emt 00:09:26]} 9. O-O
{[%clk 01:28:56]} {[%emt 00:02:12]} O-O {[%clk 01:15:51]} {[%emt 00:01:34]} 10.
Qd3 {[%clk 01:25:56]} {[%emt 00:03:29]} Ne7 {[%clk 01:07:56]} {[%emt 00:08:25]}
11. Ng5 {[%clk 01:24:13]} {[%emt 00:02:13]} Ng6 {[%clk 01:04:57]} {[%emt
00:03:29]} 12. e6 {[%clk 01:13:53]} {[%emt 00:10:51]} Nf6 {[%clk 01:00:03]}
{[%emt 00:05:24]} 13. exf7+ {[%clk 01:12:06]} {[%emt 00:02:16]} Kh8 {[%clk
00:59:22]} {[%emt 00:01:11]} 14. Re1 {[%clk 01:05:26]} {[%emt 00:07:08]} c6
{[%clk 00:54:30]} {[%emt 00:05:23]} 15. Ba4 {[%clk 01:03:54]} {[%emt 00:02:02]}
Qd7 {[%clk 00:51:13]} {[%emt 00:03:47]} 16. Bc2 {[%clk 01:00:27]} {[%emt
00:03:59]} Bd8 {[%clk 00:39:58]} {[%emt 00:11:43]} 17. Nxh7 {[%clk 00:58:26]}
{[%emt 00:02:33]} Rxf7 {[%clk 00:36:56]} {[%emt 00:03:31]} 18. Qxg6 {[%clk
00:56:33]} {[%emt 00:02:24]} a6 {[%clk 00:30:35]} {[%emt 00:06:51]} 19. Nxf6
{[%clk 00:55:39]} {[%emt 00:01:23]} gxf6 {[%clk 00:30:11]} {[%emt 00:00:54]}
20. Bh6 {[%clk 00:50:43]} {[%emt 00:05:27]} b6 {[%clk 00:23:57]} {[%emt
00:06:44]} 21. Bg7+ {[%clk 00:49:34]} {[%emt 00:01:37]} Rxg7 {[%clk 00:20:37]}
{[%emt 00:03:51]} 22. Re8+ {[%clk 00:49:55]} {[%emt 00:00:09]} Qxe8 {[%clk
00:18:39]} {[%emt 00:02:27]} 23. Qxe8+ {[%clk 00:50:19]} {[%emt 00:00:07]} Rg8
{[%clk 00:18:41]} {[%emt 00:00:28]} 24. Qh5+ {[%clk 00:50:37]} {[%emt
00:00:12]} Kg7 {[%clk 00:18:49]} {[%emt 00:00:23]} 25. Qh7+ {[%clk 00:46:57]}
{[%emt 00:04:09]} Kf8 {[%clk 00:19:05]} {[%emt 00:00:14]} 26. Qh6+ {[%clk
00:45:57]} {[%emt 00:01:28]} Rg7 {[%clk 00:18:10]} {[%emt 00:01:26]} 27. Nc3
{[%clk 00:45:37]} {[%emt 00:00:50]} Bd7 {[%clk 00:17:05]} {[%emt 00:01:34]} 28.
Ne2 {[%clk 00:42:38]} {[%emt 00:03:31]} Kg8 {[%clk 00:15:19]} {[%emt 00:02:15]}
29. Nf4 {[%clk 00:41:51]} {[%emt 00:01:18]} Rc8 {[%clk 00:12:10]} {[%emt
00:03:38]} 30. Nh5 {[%clk 00:39:21]} {[%emt 00:03:00]} Rf7 {[%clk 00:11:32]}
{[%emt 00:01:09]} 31. Nf4 {[%clk 00:37:37]} {[%emt 00:02:15]} Rg7 {[%clk
00:11:14]} {[%emt 00:00:47]} 32. Ng6 {[%clk 00:37:09]} {[%emt 00:00:59]} Kf7
{[%clk 00:10:31]} {[%emt 00:01:11]} 33. Re1 {[%clk 00:36:35]} {[%emt 00:01:05]}
b5 {[%clk 00:09:50]} {[%emt 00:01:12]} 34. Re3 {[%clk 00:34:25]} {[%emt
00:02:39]} a5 {[%clk 00:07:59]} {[%emt 00:02:21]} 35. Rf3 {[%clk 00:34:12]}
{[%emt 00:00:43]} Bc7 {[%clk 00:07:22]} {[%emt 00:01:07]} 36. Ne5+ {[%clk
00:33:58]} {[%emt 00:00:45]} Bxe5 {[%clk 00:07:15]} {[%emt 00:00:36]} 37. dxe5
{[%clk 00:34:22]} {[%emt 00:00:06]} Re8 {[%clk 00:07:00]} {[%emt 00:00:45]} 38.
Rxf6+ {[%emt 00:00:42]} Kg8 {[%clk 00:07:12]} {[%emt 00:00:14]} 39. Rg6 {[%clk
00:32:40]} {[%emt 00:02:04]} Ree7 {[%clk 00:07:10]} {[%emt 00:00:32]} 40. Rxg7+
{[%clk 00:31:53]} {[%emt 00:01:18]} Rxg7 {[%clk 00:07:30]} {[%emt 00:00:10]}
41. e6 {[%clk 00:31:38]} {[%emt 00:00:45]} Be8 {[%clk 00:07:25]} {[%emt
00:00:34]} 42. Qd2 {[%clk 00:31:14]} {[%emt 00:00:53]} Re7 {[%clk 00:06:48]}
{[%emt 00:01:07]} 43. Qxa5 {[%clk 00:31:07]} {[%emt 00:00:38]} Rxe6 {[%clk
00:06:55]} {[%emt 00:00:24]} 44. h3 {[%clk 00:30:52]} {[%emt 00:00:45]} Kf7
{[%clk 00:04:31]} {[%emt 00:02:49]} 45. Qc7+ {[%clk 00:30:54]} {[%emt
00:00:32]} Kf8 {[%clk 00:04:31]} {[%emt 00:00:28]} 46. h4 {[%clk 00:30:10]}
{[%emt 00:01:17]} Rf6 {[%clk 00:03:55]} {[%emt 00:01:03]} 47. Qe5 {[%emt
00:01:05]} Rf7 {[%clk 00:03:54]} {[%emt 00:00:27]} 48. h5 {[%clk 00:29:27]}
{[%emt 00:00:44]} b4 {[%clk 00:03:04]} {[%emt 00:01:20]} 49. h6 {[%clk
00:29:01]} {[%emt 00:00:56]} Bd7 {[%clk 00:02:50]} {[%emt 00:00:44]} 50. h7
{[%clk 00:28:41]} {[%emt 00:00:50]} Rxh7 {[%clk 00:03:10]} {[%emt 00:00:11]}
51. Bxh7 {[%clk 00:28:52]} {[%emt 00:00:19]} c5 {[%clk 00:03:28]} {[%emt
00:00:12]} 52. Qd6+ {[%clk 00:29:00]} {[%emt 00:00:21]} Kf7 {[%clk 00:03:36]}
{[%emt 00:00:22]} 53. Qxd7+ {[%clk 00:29:17]} {[%emt 00:00:13]} Kf6 {[%clk
00:04:00]} {[%emt 00:00:06]} 54. Qxd5 {[%clk 00:29:24]} {[%emt 00:00:22]} b3
{[%clk 00:04:20]} {[%emt 00:00:12]} 55. Qxb3 {[%clk 00:29:21]} {[%emt
00:00:33]} c4 {[%clk 00:04:41]} {[%emt 00:00:09]} 56. Qxc4 {[%clk 00:29:43]}
{[%emt 00:00:07]} Ke7 {[%clk 00:05:04]} {[%emt 00:00:07]} 57. a4 {[%clk
00:29:58]} {[%emt 00:00:16]} Kd7 {[%clk 00:05:28]} {[%emt 00:00:06]} 58. a5
{[%clk 00:30:20]} {[%emt 00:00:07]} 1-0

[Event "DEM U12w 2024"]
[Site "Willingen GER"]
[Date "2024.05.24"]
[Round "8"]
[White "Baklan, Kira"]
[Black "Rutschmann, Polly"]
[Result "1/2-1/2"]
[Termination "normal"]
[Board "20"]
[WhiteElo "1264"]
[BlackElo "966"]
[WhiteClock "00:33:53"]
[BlackClock "00:31:58"]
[PlyCount "178"]
[WhiteFideId "34186514"]
[BlackFideId "34621261"]
[EventCountry "GER"]
[EventRounds "9"]
[EventType "swiss"]
[EventDate "2024.05.18"]

1. e4 {[%clk 01:30:59]} d5 {[%clk 01:30:47]} {[%emt 00:00:13]} 2. exd5 {[%clk
01:31:22]} {[%emt 00:00:08]} Qxd5 {[%clk 01:31:02]} {[%emt 00:00:14]} 3. Nc3
{[%clk 01:31:46]} {[%emt 00:00:06]} Qa5 {[%clk 01:31:16]} {[%emt 00:00:16]} 4.
Bc4 {[%clk 01:32:01]} {[%emt 00:00:15]} c6 {[%clk 01:31:24]} {[%emt 00:00:21]}
5. d3 {[%clk 01:28:29]} {[%emt 00:04:03]} Bf5 {[%clk 01:29:46]} {[%emt
00:02:08]} 6. Bd2 {[%clk 01:27:19]} {[%emt 00:01:40]} Qc7 {[%clk 01:29:37]}
{[%emt 00:00:39]} 7. Nf3 {[%clk 01:26:35]} {[%emt 00:01:14]} e6 {[%clk
01:28:29]} {[%emt 00:01:37]} 8. Qe2 {[%clk 01:26:53]} {[%emt 00:00:13]} Bd6
{[%clk 01:26:37]} {[%emt 00:02:22]} 9. Nd4 {[%clk 01:25:02]} {[%emt 00:02:21]}
Ne7 {[%clk 01:24:16]} {[%emt 00:02:51]} 10. O-O-O {[%clk 01:22:07]} {[%emt
00:03:25]} Nd7 {[%clk 01:22:13]} {[%emt 00:02:33]} 11. g4 {[%clk 01:20:27]}
{[%emt 00:02:10]} Bg6 {[%clk 01:20:18]} {[%emt 00:02:25]} 12. h4 {[%clk
01:20:39]} {[%emt 00:00:17]} h5 {[%clk 01:18:20]} {[%emt 00:02:29]} 13. g5
{[%clk 01:17:26]} {[%emt 00:03:43]} Bf4 {[%clk 01:17:33]} {[%emt 00:01:17]} 14.
Bxf4 {[%clk 01:15:16]} {[%emt 00:02:40]} Qxf4+ {[%clk 01:15:12]} {[%emt
00:02:51]} 15. Qe3 {[%clk 01:15:41]} {[%emt 00:00:05]} Qxe3+ {[%clk 01:13:18]}
{[%emt 00:02:23]} 16. fxe3 {[%clk 01:16:04]} {[%emt 00:00:08]} a5 {[%clk
01:08:11]} {[%emt 00:05:37]} 17. a3 {[%clk 01:15:11]} {[%emt 00:01:23]} b5
{[%clk 01:07:12]} {[%emt 00:01:29]} 18. Ba2 {[%clk 01:15:34]} {[%emt 00:00:07]}
b4 {[%clk 01:06:30]} {[%emt 00:01:12]} 19. Nb1 {[%clk 01:15:14]} {[%emt
00:00:50]} c5 {[%clk 01:05:16]} {[%emt 00:01:44]} 20. Ne2 {[%clk 01:15:08]}
{[%emt 00:00:36]} Nf5 {[%clk 01:03:54]} {[%emt 00:01:52]} 21. Rh3 {[%clk
01:12:36]} {[%emt 00:03:02]} Ne5 {[%clk 01:01:41]} {[%emt 00:02:43]} 22. e4
{[%clk 01:08:08]} {[%emt 00:04:58]} Nd6 {[%clk 00:59:19]} {[%emt 00:02:52]} 23.
Nf4 {[%clk 01:03:56]} {[%emt 00:04:42]} bxa3 {[%clk 00:57:29]} {[%emt
00:02:19]} 24. Nxa3 {[%clk 01:03:57]} {[%emt 00:00:30]} Rc8 {[%clk 00:56:45]}
{[%emt 00:01:14]} 25. Nxg6 {[%clk 00:57:27]} {[%emt 00:07:00]} Nxg6 {[%clk
00:55:18]} {[%emt 00:01:57]} 26. Rf1 {[%clk 00:57:07]} {[%emt 00:00:49]} O-O
{[%clk 00:53:09]} {[%emt 00:02:39]} 27. Nc4 {[%clk 00:53:49]} {[%emt 00:03:49]}
Nxc4 {[%clk 00:52:55]} {[%emt 00:00:43]} 28. Bxc4 {[%clk 00:54:04]} {[%emt
00:00:16]} Ne5 {[%clk 00:52:01]} {[%emt 00:01:24]} 29. Rg3 {[%clk 00:50:59]}
{[%emt 00:03:22]} Nxc4 {[%clk 00:51:08]} {[%emt 00:01:36]} 30. dxc4 {[%clk
00:51:19]} {[%emt 00:00:10]} g6 {[%clk 00:50:00]} {[%emt 00:01:38]} 31. Rh1
{[%clk 00:48:48]} {[%emt 00:03:01]} Rcd8 {[%clk 00:49:18]} {[%emt 00:01:12]}
32. c3 {[%clk 00:33:24]} {[%emt 00:15:54]} f6 {[%clk 00:46:45]} {[%emt
00:03:02]} 33. Rhg1 {[%clk 00:31:26]} {[%emt 00:02:28]} f5 {[%clk 00:45:38]}
{[%emt 00:01:37]} 34. exf5 {[%clk 00:31:42]} {[%emt 00:00:15]} exf5 {[%clk
00:45:54]} {[%emt 00:00:14]} 35. Re3 {[%clk 00:32:02]} {[%emt 00:02:32]} Rde8
{[%clk 00:46:52]} {[%emt 00:01:21]} 36. Kd2 {[%clk 00:31:53]} {[%emt 00:00:40]}
Rxe3 {[%clk 00:46:35]} {[%emt 00:00:48]} 37. Kxe3 {[%clk 00:32:20]} {[%emt
00:00:04]} Re8+ {[%clk 00:46:54]} {[%emt 00:00:10]} 38. Kd3 {[%clk 00:32:36]}
{[%emt 00:00:13]} Re4 {[%clk 00:46:37]} {[%emt 00:00:47]} 39. Rh1 {[%clk
00:33:00]} {[%emt 00:00:07]} Rg4 {[%clk 00:46:11]} {[%emt 00:00:54]} 40. b3
{[%clk 00:33:21]} {[%emt 00:00:11]} Rg3+ {[%clk 00:45:58]} {[%emt 00:00:43]}
41. Kd2 {[%clk 00:33:44]} {[%emt 00:00:07]} Rg4 {[%clk 00:45:46]} {[%emt
00:00:41]} 42. Kd3 {[%clk 00:32:12]} {[%emt 00:02:01]} Rg2 {[%clk 00:43:46]}
{[%emt 00:02:30]} 43. b4 {[%clk 00:31:39]} {[%emt 00:01:05]} axb4 {[%clk
00:43:57]} {[%emt 00:00:19]} 44. cxb4 {[%clk 00:32:05]} {[%emt 00:00:04]} cxb4
{[%clk 00:43:56]} {[%emt 00:00:31]} 45. c5 {[%clk 00:32:30]} {[%emt 00:00:06]}
b3 {[%clk 00:44:03]} {[%emt 00:00:22]} 46. c6 {[%clk 00:32:57]} {[%emt
00:00:03]} Rc2 {[%clk 00:44:18]} {[%emt 00:00:14]} 47. Rb1 {[%clk 00:33:06]}
{[%emt 00:00:22]} Rxc6 {[%clk 00:44:14]} {[%emt 00:00:35]} 48. Rxb3 {[%clk
00:33:32]} {[%emt 00:00:04]} Re6 {[%clk 00:44:20]} {[%emt 00:00:23]} 49. Rb4
{[%clk 00:33:55]} {[%emt 00:00:07]} Kf7 {[%clk 00:44:08]} {[%emt 00:00:41]} 50.
Rb7+ {[%clk 00:34:09]} {[%emt 00:00:17]} Re7 {[%clk 00:44:04]} {[%emt
00:00:34]} 51. Rb4 {[%clk 00:34:33]} {[%emt 00:00:06]} Rd7+ {[%clk 00:43:50]}
{[%emt 00:00:44]} 52. Ke3 {[%clk 00:34:50]} {[%emt 00:00:13]} Ke6 {[%clk
00:43:46]} {[%emt 00:00:33]} 53. Ra4 {[%clk 00:33:48]} {[%emt 00:01:33]} Ke5
{[%clk 00:43:24]} {[%emt 00:00:52]} 54. Ra5+ {[%clk 00:33:00]} {[%emt
00:01:18]} Rd5 {[%clk 00:43:17]} {[%emt 00:00:36]} 55. Ra4 {[%clk 00:32:40]}
{[%emt 00:00:51]} Rc5 {[%clk 00:42:26]} {[%emt 00:01:21]} 56. Kd3 {[%clk
00:31:40]} {[%emt 00:01:30]} Rd5+ {[%clk 00:42:04]} {[%emt 00:00:52]} 57. Ke3
{[%clk 00:32:02]} {[%emt 00:00:07]} Rb5 {[%clk 00:42:22]} {[%emt 00:00:12]} 58.
Kf3 {[%clk 00:31:10]} {[%emt 00:01:23]} Rb3+ {[%clk 00:42:23]} {[%emt
00:00:29]} 59. Kg2 {[%clk 00:31:29]} {[%emt 00:00:11]} Re3 {[%clk 00:42:32]}
{[%emt 00:00:21]} 60. Ra6 {[%clk 00:30:40]} {[%emt 00:01:19]} Re4 {[%clk
00:41:37]} {[%emt 00:01:25]} 61. Kg3 {[%clk 00:30:51]} {[%emt 00:00:18]} f4+
{[%clk 00:40:52]} {[%emt 00:01:15]} 62. Kf2 {[%clk 00:31:10]} {[%emt 00:00:12]}
Kf5 {[%clk 00:40:28]} {[%emt 00:00:52]} 63. Kf3 {[%clk 00:31:29]} {[%emt
00:00:13]} Re3+ {[%clk 00:40:28]} {[%emt 00:00:30]} 64. Kf2 {[%clk 00:31:54]}
{[%emt 00:00:06]} Kg4 {[%clk 00:40:26]} {[%emt 00:00:30]} 65. Rxg6 {[%clk
00:31:41]} {[%emt 00:00:44]} Kxh4 {[%emt 00:00:24]} 66. Rg8 {[%emt 00:00:04]}
Rg3 {[%clk 00:40:04]} {[%emt 00:00:24]} 67. g6 {[%clk 00:32:05]} {[%emt
00:00:06]} f3 {[%clk 00:40:01]} {[%emt 00:00:33]} 68. g7 {[%clk 00:32:29]}
{[%emt 00:00:06]} Kh3 {[%clk 00:39:35]} {[%emt 00:00:55]} 69. Rf8 {[%clk
00:32:31]} {[%emt 00:00:29]} Rxg7 {[%clk 00:38:58]} {[%emt 00:01:06]} 70. Rxf3+
{[%clk 00:32:56]} {[%emt 00:00:05]} Kh4 {[%clk 00:38:34]} {[%emt 00:00:55]} 71.
Rf4+ {[%clk 00:33:00]} {[%emt 00:00:27]} Kg5 {[%clk 00:38:43]} {[%emt
00:00:19]} 72. Rf3 {[%clk 00:33:25]} {[%emt 00:00:06]} h4 {[%clk 00:38:22]}
{[%emt 00:00:51]} 73. Rh3 {[%clk 00:33:46]} {[%emt 00:00:09]} Kg4 {[%clk
00:38:36]} {[%emt 00:00:15]} 74. Rh1 {[%clk 00:34:10]} {[%emt 00:00:07]} Rd7
{[%clk 00:38:15]} {[%emt 00:00:50]} 75. Rg1+ {[%clk 00:34:34]} {[%emt
00:00:06]} Kf4 {[%clk 00:37:57]} {[%emt 00:00:48]} 76. Kg2 {[%clk 00:33:57]}
{[%emt 00:01:08]} Rd3 {[%clk 00:35:08]} {[%emt 00:03:17]} 77. Rf1+ {[%clk
00:34:14]} {[%emt 00:00:15]} Kg4 {[%clk 00:34:40]} {[%emt 00:00:56]} 78. Rh1
{[%clk 00:34:26]} {[%emt 00:00:17]} Rd2+ {[%clk 00:34:38]} {[%emt 00:00:32]}
79. Kf1 {[%clk 00:31:53]} {[%emt 00:03:06]} Kg3 {[%clk 00:32:14]} {[%emt
00:02:53]} 80. Ke1 {[%clk 00:32:16]} {[%emt 00:00:07]} Ra2 {[%clk 00:32:27]}
{[%emt 00:00:17]} 81. Rg1+ {[%clk 00:32:08]} {[%emt 00:00:39]} Kf3 {[%clk
00:32:00]} {[%emt 00:00:56]} 82. Rf1+ {[%clk 00:32:23]} {[%emt 00:00:16]} Ke3
{[%clk 00:32:14]} {[%emt 00:00:16]} 83. Kd1 {[%clk 00:31:51]} {[%emt 00:01:02]}
Kd3 {[%clk 00:32:02]} {[%emt 00:00:41]} 84. Rf3+ {[%clk 00:31:51]} {[%emt
00:00:31]} Ke4 {[%clk 00:31:43]} {[%emt 00:00:48]} 85. Rh3 {[%clk 00:32:17]}
{[%emt 00:00:05]} Ra1+ {[%clk 00:31:13]} {[%emt 00:01:00]} 86. Kc2 {[%clk
00:32:36]} {[%emt 00:00:11]} Ra2+ {[%clk 00:31:00]} {[%emt 00:00:43]} 87. Kb1
{[%clk 00:33:00]} {[%emt 00:00:06]} Rf2 {[%clk 00:31:15]} {[%emt 00:00:15]} 88.
Rxh4+ {[%clk 00:33:25]} {[%emt 00:00:05]} Rf4 {[%clk 00:31:36]} {[%emt
00:00:09]} 89. Rxf4+ {[%clk 00:33:53]} {[%emt 00:00:02]} Kxf4 {[%clk 00:31:58]}
{[%emt 00:00:08]} 1/2-1/2

[Event "DEM U12w 2024"]
[Site "Willingen GER"]
[Date "2024.05.24"]
[Round "8"]
[White "Jamalli, Malak"]
[Black "Prasannavenkatesan, Ananya"]
[Result "0-1"]
[Termination "normal"]
[Board "21"]
[WhiteElo "1197"]
[BlackElo "1585"]
[WhiteClock "00:54:12"]
[BlackClock "00:13:14"]
[PlyCount "48"]
[WhiteFideId "533000689"]
[BlackFideId "34682724"]
[EventCountry "GER"]
[EventRounds "9"]
[EventType "swiss"]
[EventDate "2024.05.18"]

1. e4 {[%clk 01:30:57]} {[%emt 00:00:03]} c6 {[%clk 01:30:55]} {[%emt
00:00:06]} 2. d4 {[%clk 01:31:05]} {[%emt 00:00:22]} d5 {[%clk 01:31:16]}
{[%emt 00:00:09]} 3. exd5 {[%clk 01:29:48]} {[%emt 00:01:47]} cxd5 {[%clk
01:31:36]} {[%emt 00:00:10]} 4. Nf3 {[%clk 01:29:15]} {[%emt 00:01:03]} a6
{[%clk 01:28:50]} {[%emt 00:03:16]} 5. Bd3 {[%clk 01:28:35]} {[%emt 00:01:09]}
Bg4 {[%clk 01:28:43]} {[%emt 00:00:37]} 6. h3 {[%clk 01:28:05]} {[%emt
00:01:00]} Bxf3 {[%clk 01:27:27]} {[%emt 00:01:46]} 7. Qxf3 {[%clk 01:27:33]}
{[%emt 00:01:02]} Nc6 {[%clk 01:27:29]} {[%emt 00:00:28]} 8. c3 {[%clk
01:25:24]} {[%emt 00:02:40]} e6 {[%clk 01:25:36]} {[%emt 00:02:22]} 9. Qe3
{[%clk 01:22:28]} {[%emt 00:03:26]} Bd6 {[%clk 01:24:04]} {[%emt 00:02:03]} 10.
O-O {[%clk 01:20:50]} {[%emt 00:02:08]} Nf6 {[%emt 00:05:01]} 11. Qg5 {[%clk
01:17:43]} {[%emt 00:00:05]} Qe7 {[%clk 01:20:43]} {[%emt 00:02:51]} 12. Qxg7
{[%clk 01:13:13]} {[%emt 00:05:01]} Rg8 {[%clk 01:20:09]} {[%emt 00:01:03]} 13.
Qh6 {[%clk 01:12:59]} {[%emt 00:00:43]} Ne4 {[%clk 01:18:22]} {[%emt 00:02:18]}
14. Bxe4 {[%clk 01:09:47]} {[%emt 00:03:43]} dxe4 {[%clk 01:18:45]} {[%emt
00:00:07]} 15. Qxh7 {[%clk 01:08:47]} {[%emt 00:01:30]} Kd7 {[%clk 01:19:01]}
{[%emt 00:00:13]} 16. Qxe4 {[%clk 01:07:42]} {[%emt 00:01:34]} Rh8 {[%clk
00:27:22]} {[%emt 00:52:10]} 17. d5 {[%clk 01:03:35]} {[%emt 00:04:37]} Ne5
{[%clk 00:26:02]} {[%emt 00:01:50]} 18. dxe6+ {[%clk 01:00:44]} {[%emt
00:03:21]} Kc7 {[%clk 00:23:01]} {[%emt 00:03:31]} 19. exf7 {[%clk 00:57:48]}
{[%emt 00:03:26]} Qxf7 {[%clk 00:22:41]} {[%emt 00:00:49]} 20. Be3 {[%clk
00:55:31]} {[%emt 00:02:47]} Nf3+ {[%clk 00:12:26]} {[%emt 00:10:46]} 21. Qxf3
{[%clk 00:54:22]} {[%emt 00:01:39]} Qxf3 {[%clk 00:12:45]} {[%emt 00:00:11]}
22. gxf3 {[%clk 00:54:40]} {[%emt 00:00:12]} Rag8+ {[%clk 00:13:04]} {[%emt
00:00:11]} 23. Bg5 {[%clk 00:53:50]} {[%emt 00:01:20]} Rxg5+ {[%clk 00:13:14]}
{[%emt 00:00:21]} 24. Kh1 {[%clk 00:54:12]} {[%emt 00:00:07]} Rxh3# {[%emt
00:00:07]} 0-1

[Event "DEM U12w 2024"]
[Site "Willingen GER"]
[Date "2024.05.24"]
[Round "8"]
[White "Alnajjar, Sara"]
[Black "Guliyeva, Zahra"]
[Result "1-0"]
[Termination "normal"]
[Board "22"]
[WhiteElo "1194"]
[BlackElo "1093"]
[WhiteClock "00:52:40"]
[BlackClock "01:06:44"]
[PlyCount "59"]
[WhiteFideId "34668659"]
[BlackFideId "34630198"]
[EventCountry "GER"]
[EventRounds "9"]
[EventType "swiss"]
[EventDate "2024.05.18"]

1. e4 {[%clk 01:30:50]} {[%emt 00:00:09]} e5 {[%clk 01:30:57]} {[%emt
00:00:04]} 2. Nf3 {[%clk 01:30:14]} {[%emt 00:01:05]} Nc6 {[%clk 01:31:15]}
{[%emt 00:00:13]} 3. Nc3 {[%clk 01:29:23]} {[%emt 00:01:20]} Nf6 {[%clk
01:31:08]} {[%emt 00:00:38]} 4. Bc4 {[%clk 01:27:15]} {[%emt 00:02:37]} Bc5
{[%clk 01:31:13]} {[%emt 00:00:25]} 5. d3 {[%clk 01:26:48]} {[%emt 00:00:56]}
O-O {[%clk 01:29:15]} {[%emt 00:02:30]} 6. Be3 {[%clk 01:25:32]} {[%emt
00:01:44]} Bb6 {[%clk 01:29:07]} {[%emt 00:00:40]} 7. O-O {[%clk 01:25:02]}
{[%emt 00:01:00]} d6 {[%clk 01:29:04]} {[%emt 00:00:32]} 8. h3 {[%clk
01:21:52]} {[%emt 00:03:39]} Be6 {[%clk 01:29:10]} {[%emt 00:00:25]} 9. Bb3
{[%clk 01:21:09]} {[%emt 00:01:13]} h6 {[%clk 01:28:50]} {[%emt 00:00:50]} 10.
Ne2 {[%clk 01:19:12]} {[%emt 00:02:27]} d5 {[%clk 01:27:18]} {[%emt 00:02:02]}
11. Ng3 {[%clk 01:16:38]} {[%emt 00:03:04]} d4 {[%clk 01:26:27]} {[%emt
00:01:22]} 12. Bd2 {[%clk 01:16:47]} {[%emt 00:00:20]} Bxb3 {[%clk 01:22:40]}
{[%emt 00:04:17]} 13. axb3 {[%clk 01:16:19]} {[%emt 00:00:57]} Re8 {[%clk
01:16:16]} {[%emt 00:06:55]} 14. Bc1 {[%clk 01:11:43]} {[%emt 00:05:05]} Ba5
{[%clk 01:15:12]} {[%emt 00:01:36]} 15. Ne2 {[%clk 01:08:33]} {[%emt 00:03:39]}
b6 {[%clk 01:12:25]} {[%emt 00:03:18]} 16. c3 {[%clk 01:07:24]} {[%emt
00:01:38]} dxc3 {[%clk 01:12:30]} {[%emt 00:00:25]} 17. bxc3 {[%clk 01:07:42]}
{[%emt 00:00:12]} b5 {[%clk 01:12:26]} {[%emt 00:00:34]} 18. Bb2 {[%clk
01:04:11]} {[%emt 00:04:01]} Bb6 {[%clk 01:12:20]} {[%emt 00:00:37]} 19. Ne1
{[%clk 00:59:58]} {[%emt 00:04:41]} b4 {[%clk 01:11:29]} {[%emt 00:01:22]} 20.
cxb4 {[%clk 00:58:35]} {[%emt 00:01:53]} Nxb4 {[%clk 01:11:47]} {[%emt
00:00:10]} 21. Kh1 {[%clk 00:56:19]} {[%emt 00:02:48]} c5 {[%clk 01:09:31]}
{[%emt 00:02:44]} 22. f4 {[%clk 00:56:04]} {[%emt 00:00:47]} exf4 {[%clk
01:08:00]} {[%emt 00:02:02]} 23. Nxf4 {[%clk 00:55:47]} {[%emt 00:00:46]} Qd6
{[%clk 01:07:16]} {[%emt 00:01:10]} 24. e5 {[%clk 00:54:01]} {[%emt 00:02:20]}
Qd8 {[%clk 01:05:53]} {[%emt 00:01:51]} 25. exf6 {[%clk 00:54:04]} {[%emt
00:00:29]} gxf6 {[%clk 01:06:06]} {[%emt 00:00:18]} 26. Qg4+ {[%clk 00:53:46]}
{[%emt 00:00:45]} Kh7 {[%clk 01:06:02]} {[%emt 00:00:35]} 27. Nh5 {[%clk
00:53:49]} {[%emt 00:00:28]} Rg8 {[%clk 01:06:17]} {[%emt 00:00:14]} 28. Nxf6+
{[%clk 00:53:59]} {[%emt 00:00:22]} Kh8 {[%clk 01:06:32]} {[%emt 00:00:14]} 29.
Nxg8+ {[%clk 00:54:07]} {[%emt 00:00:22]} Kh7 {[%clk 01:06:44]} {[%emt
00:00:18]} 30. Qg7# {[%clk 00:52:40]} {[%emt 00:00:06]} 1-0